000 01204nam a2200253Ia 4500
003 GCL
005 20240530105426.0
008 140319s1973 ua 000 0 ara d
040 _aGCL /
_cGCL
082 0 4 _a349.2/
_bم م
110 1 _aالمنظمة العربية للتربية والثقافة والعلوم : معهد البحوث والدراسات العربية
245 1 0 _aمجموعة اعمال الحلقة الدراسية لقوانين الشهر العقارى فى البلاد العربية /
_cالمنظمة العربية للتربية والثقافة والعلوم : معهد البحوث والدراسات العربية
260 _aالقاهرة :
_bمعهد البحوث والدراسات العربية ،
_c1973
300 _a776 ص. ؛
_e24 سم.
490 0 _aوثائق ونصوص ؛
_v10
650 0 7 _2qrmak
_aالقانون
650 0 7 _2qrmak
_aالقانون الادارى
650 0 7 _2qrmak
_aالتوثيق العقارى
650 0 7 _2qrmak
_aالشهر العقارى
650 0 7 _2qrmak
_aالسجل العينى
650 0 7 _2qrmak
_aالتوثيق
700 1 _aقسم البحوث والدراسات القانونية
942 _2ddc
_cBK
999 _c55919
_d55919